JAKIE NIEBEZPIECZNE ZWIERZĘTA CZYHAJĄ NA NAS W WODZIE? - Statystyki

Ogólne statystyki
  • Ten quiz został rozwiązany 183 razy
  • Średni wynik to 3 z 5
Statystyki odpowiedzi
Odpowiedź % Poprawnych
REKIN
98%
MEDUZA
62%
KROKODYL
59%
PIRANIA
54%
PŁASZCZKA
36%
Nie znaleziono quizów pasujących do podanych kryteriów
Rozkład punktacji
Procent ludzi z każdym wynikiem
Percentyl według liczby udzielonych odpowiedzi
Twoja historia wyników
Nie rozwiązałeś tego quizu